Geography Quiz

Random Geography or Flags Quiz

Country Flags by Sun Quiz Stats

Quiz Updated Jan 22, 2015

Challenge
Share
Tweet
Score 0/18 Timer 04:00
1 Play Today
# Country % Correct
15Japan
89.5%
2Macedonia
70%
11Argentina
61.6%
4Uruguay
61.3%
13Kyrgyzstan
53.8%
18Bangladesh
44.1%
8Malawi
34.4%
3Kiribati
30.3%
5Antigua & Barbuda
25.3%
# Country % Correct
6Philippines
22.6%
1Kazakhstan
18.4%
10Niger
16.2%
14Taiwan
15.9%
9Namibia
10.6%
12Nepal
9.3%
17Rwanda
7.2%
7Mongolia
6.6%
16Ecuador
5.5%

You're not logged in!

Compare scores with friends on all Sporcle quizzes.
Sign Up with Email
OR
Log In

You Might Also Like...

Show Comments

Extras

Top Quizzes Today


Score Distribution

Your Account Isn't Verified!

In order to create a playlist on Sporcle, you need to verify the email address you used during registration. Go to your Sporcle Settings to finish the process.